LIBRARY & INFORMATION CENTRE, KCAET, TAVANUR

ONLINE PUBLIC ACCESS CATALOGUE (OPAC)

Solar pumping: Introduction and update on the technology, performance, costs and economics / (Record no. 9336)

MARC details
000 -LEADER
fixed length control field 00545cam a2200181ua 4500
003 - CONTROL NUMBER IDENTIFIER
control field OSt
008 - FIXED-LENGTH DATA ELEMENTS--GENERAL INFORMATION
fixed length control field 241101b |||||||| |||| 00| 0 eng d
020 ## - INTERNATIONAL STANDARD BOOK NUMBER
ISBN 0-8213-2101-3
041 ## - LANGUAGE CODE
Language code of text/sound track or separate title eng
082 ## - DEWEY DECIMAL CLASSIFICATION NUMBER
Classification number 621.47
Item number BAR/SO
100 ## - MAIN ENTRY--AUTHOR NAME
Personal name Barlow, Roy .
245 ## - TITLE STATEMENT
Title Solar pumping: Introduction and update on the technology, performance, costs and economics /
260 ## - PUBLICATION, DISTRIBUTION, ETC. (IMPRINT)
Place of publication :
Name of publisher Intermediate technology publications ,
Year of publication 1993.
300 ## - PHYSICAL DESCRIPTION
Number of Pages 153 ; .
700 1# - ADDED ENTRY--PERSONAL NAME
Personal name Derrick, Anthony .
700 1# - ADDED ENTRY--PERSONAL NAME
Personal name McNelis, Bernard .
942 ## - ADDED ENTRY ELEMENTS (KOHA)
Koha item type Books
Holdings
Withdrawn status Lost status Damaged status Home library Current library Shelving location Date acquired Full call number Accession Number Koha item type
      KAUAET KAUAET Shelf- 7A 07/04/2012 621.47 BAR/SO 18428 Books
free website counter